000 00589na a2200217 4500
999 _c13361
_d13361
001 13930
003 MIRAKIL
005 20190628180818.0
008 160822b tu 000 0
020 _a9757369373
035 _a13930
040 _aTR-AnCHP
_btur
_cTR-AnCHP
082 _a923.156
_bB69a 1998
100 _aBozdağ, İsmet
245 _aAtatürk'ün fikir sofrası
_cİsmet Bozdağ
250 _a2. bs.
260 _aİstanbul
_bEmre Yayınları
_c1995
300 _a216 s.
_c18 sm.
600 _aAtatürk, Mustafa Kemal
_d1881-1938
_xYaşamöyküsü
942 _2ddc
_cBKS